| 000 | 00362nam a22001337a 4500 | ||
|---|---|---|---|
| 020 | _a0-8359-0257-9 | ||
| 082 | _a629.2446 HUS'A | ||
| 100 |
_aHUSSELBEE, WILLIAM I _976164 |
||
| 245 | _aAUTOMOTIVE TRANSMISSION FUNDAMENTALS | ||
| 260 |
_aVIRGINIA _bRESTON _c1980 |
||
| 300 | _a292P | ||
| 650 |
_aAUTOMOTMOBILES TRANSMISSION DEVICES AUTMATIC _976165 |
||
| 942 | _cBK | ||
| 999 |
_c581577 _d581577 |
||